Music Quiz

Random Music or Bands Quiz
Score 0/300 Timer 20:00
0 Plays Today
Band Song % Correct
MetallicaMaster Of Puppets
94.1%
MetallicaCreeping Death
94.1%
MetallicaSeek And Destroy
94.1%
MetallicaOne
94.1%
MetallicaFor Whom The Bell Tolls
94.1%
MetallicaEnter Sandman
94.1%
MetallicaSad But True
94.1%
MetallicaNothing Else Matters
94.1%
MetallicaFade To Black
94.1%
MetallicaWelcome Home (Sanitarium)
94.1%
MetallicaBattery
94.1%
MetallicaWhiplash
88.2%
MetallicaHarvester Of Sorrow
88.2%
AnthraxCaught In A Mosh
82.4%
AnthraxIndians
82.4%
MegadethPeace Sells
82.4%
MegadethHangar 18
82.4%
MegadethSymphony Of Destruction
82.4%
MegadethWake Up Dead
82.4%
SlayerRaining Blood
82.4%
SlayerAngel Of Death
82.4%
SlayerSouth Of Heaven
82.4%
AnthraxMadhouse
76.5%
MegadethHoly Wars... The Punishment Due
76.5%
MetallicaWherever I May Roam
76.5%
Nuclear AssaultF# (Wake Up)
76.5%
SlayerDead Skin Mask
76.5%
MetallicaLast Caress
70.6%
SlayerChemical Warfare
70.6%
SlayerSeasons In The Abyss
70.6%
AnthraxGot The Time
64.7%
MegadethTrust
64.7%
MegadethSweating Bullets
64.7%
MegadethAnarchy In The U.K.
64.7%
SlayerWar Ensemble
64.7%
SlayerMandatory Suicide
64.7%
SlayerHell Awaits
64.7%
SlayerPostmortem
64.7%
AnthraxAntisocial
58.8%
AnthraxAmong The Living
58.8%
AnthraxMetal Thrashing Mad
58.8%
ExodusBonded By Blood
58.8%
MegadethIn My Darkest Hour
58.8%
MegadethTornado Of Souls
58.8%
SlayerBlack Magic
58.8%
AnthraxI Am The Law
52.9%
Flotsam And JetsamMe
52.9%
MegadethA Tout Le Monde
52.9%
MegadethSkin O' My Teeth
52.9%
SlayerDisciple
52.9%
AnthraxEfilnikufesin (N.F.L.)
47.1%
AnthraxBring The Noise
47.1%
SepulturaDead Embryonic Cells
47.1%
TestamentSouls Of Black
47.1%
AnthraxBe All, End All
41.2%
AnthraxOnly
41.2%
Dark AngelDarkness Descends
41.2%
ExodusWar Is My Shepherd
41.2%
ExodusFabulous Disaster
41.2%
MegadethTake No Prisoners
41.2%
Nuclear AssaultHang The Pope
41.2%
SepulturaArise
41.2%
SlayerDie By The Sword
41.2%
AnthraxIn The End
35.3%
Death AngelKill As One
35.3%
Death AngelThe Ultra-Violence
35.3%
ExodusThe Toxic Waltz
35.3%
ExodusA Lesson In Violence
35.3%
ExodusPiranha
35.3%
ExodusAnd Then There Were None
35.3%
MegadethShe-Wolf
35.3%
OnslaughtOnslaught (Power From Hell)
35.3%
OverkillFeel The Fire
35.3%
SepulturaRefuse\Resist
35.3%
SepulturaRoots Bloody Roots
35.3%
SlayerHate Worldwide
35.3%
Suicidal TendenciesWar Inside My Head
35.3%
TestamentThe New Order
35.3%
AnthraxFight 'Em 'Til You Can't
29.4%
Death AngelSeemingly Endless Time
29.4%
ExodusStrike Of The Beast
29.4%
ExodusMetal Command
29.4%
KreatorPleasure To Kill
29.4%
Machine HeadDavidian
29.4%
Machine HeadHalo
29.4%
Machine HeadAesthetics Of Hate
29.4%
Machine HeadLocust
29.4%
MegadethReckoning Day
29.4%
OnslaughtKilling Peace
29.4%
OnslaughtBurn
29.4%
OnslaughtBorn For War
29.4%
Sacred ReichOne Nation
29.4%
Sacred ReichWar Pigs
29.4%
SodomAgent Orange
29.4%
SodomIn War And Pieces
29.4%
TankardChemical Invasion
29.4%
Dark AngelTime Does Not Heal
23.5%
Death AngelThe Dream Calls For Blood
23.5%
Death AngelLeft For Dead
23.5%
DestructionMad Butcher
23.5%
Band Song % Correct
ExodusBlacklist
23.5%
ExodusExodus
23.5%
Flotsam And JetsamI Live You Die
23.5%
Flotsam And JetsamDoomsday For The Deceiver
23.5%
KreatorEnemy Of God
23.5%
KreatorFlag Of Hate
23.5%
KreatorPhantom Antichrist
23.5%
KreatorVoices Of The Dead
23.5%
Machine HeadImperium
23.5%
Machine HeadDarkness Within
23.5%
Machine HeadTake My Scars
23.5%
Nuclear AssaultGame Over
23.5%
Nuclear AssaultCritical Mass
23.5%
Nuclear AssaultTrail Of Tears
23.5%
Nuclear AssaultF#
23.5%
OverkillElimination
23.5%
OverkillComa
23.5%
OverkillOverkill
23.5%
SepulturaInner Self
23.5%
SepulturaSlave New World
23.5%
SlayerCaptor Of Sin
23.5%
Suicidal TendenciesYou Can't Bring Me Down
23.5%
Suicidal TendenciesInstitutionalized
23.5%
TankardNot One Day Dead (But Mad One Day)
23.5%
TestamentPractice What You Preach
23.5%
Testament3 Days In Darkness
23.5%
AnthraxMedusa
17.6%
Dark AngelThe Burning Of Sodom
17.6%
Dark AngelMerciless Death
17.6%
Dark AngelWe Have Arrived
17.6%
Dark AngelLeave Scars
17.6%
Dark AngelWelcome To The Slaughterhouse
17.6%
Death AngelThrown To The Wolves
17.6%
DestructionHate Is My Fuel
17.6%
ExodusChildren Of A Worthless God
17.6%
ExodusBlood In, Blood Out
17.6%
Flotsam And JetsamNo Place For Disgrace
17.6%
Flotsam And JetsamDreams Of Death
17.6%
KreatorExtreme Aggression
17.6%
KreatorHordes Of Chaos (A Necrologue For The Elite)
17.6%
Machine HeadOld
17.6%
Machine HeadTen Ton Hammer
17.6%
Machine HeadBeautiful Mourning
17.6%
Machine HeadBulldozer
17.6%
Machine HeadThe Blood, The Sweat, The Tears
17.6%
Machine HeadClenching The Fists Of Dissent
17.6%
Machine HeadNow We Die
17.6%
Nuclear AssaultButt F**k
17.6%
Nuclear AssaultBrainwashed
17.6%
Nuclear AssaultLesbians
17.6%
Nuclear AssaultMy America
17.6%
Nuclear AssaultNew Song
17.6%
OnslaughtMetal Forces
17.6%
OnslaughtFight With The Beast
17.6%
OnslaughtPlanting Seeds Of Hate
17.6%
OverkillRotten To The Core
17.6%
OverkillF**k You
17.6%
OverkillHello From The Gutter
17.6%
OverkillBring Me The Night
17.6%
Sacred ReichThe American Way
17.6%
Sacred ReichLove...Hate
17.6%
Sacred ReichFree
17.6%
Sacred ReichIgnorance
17.6%
SepulturaTerritory
17.6%
SepulturaDesperate Cry
17.6%
SodomM-16
17.6%
Suicidal TendenciesHow Will I Laugh Tomorrow
17.6%
Suicidal TendenciesFreedumb
17.6%
Suicidal TendenciesJoin The Army
17.6%
TankardDie With A Beer In Your Hand
17.6%
TestamentInto The Pit
17.6%
TestamentOver The Wall
17.6%
TestamentThe Haunting
17.6%
Dark AngelDeath Is Certain (Life Is Not)
11.8%
Dark AngelThe Death Of Innocence
11.8%
Dark AngelOlder Than Time Itself
11.8%
Dark AngelPain's Invention, Madness
11.8%
Death AngelMistress Of Pain
11.8%
Death AngelVoracious Souls
11.8%
Death AngelThe Moth
11.8%
Death Angel3rd Floor
11.8%
DestructionBestial Invasion
11.8%
DestructionNailed To The Cross
11.8%
DestructionThrash Till Death
11.8%
DestructionThe Butcher Strikes Back
11.8%
DestructionTormentor
11.8%
DestructionDeath Trap
11.8%
ExodusDeathamphetamine
11.8%
Flotsam And JetsamHammerhead
11.8%
Flotsam And JetsamIron Maiden
11.8%
Flotsam And JetsamIron Tears
11.8%
KreatorPhobia
11.8%
KreatorViolent Revolution
11.8%
KreatorPeople Of The Lie
11.8%
KreatorTormentor
11.8%
KreatorTerrible Certainty
11.8%
KreatorCivilization Collapse
11.8%
Machine HeadFrom This Day
11.8%
Nuclear AssaultWhen Freedom Dies
11.8%
OnslaughtLet There Be Death
11.8%
Band Song % Correct
OnslaughtAngels Of Death
11.8%
OverkillWrecking Crew
11.8%
OverkillIn Union We Stand
11.8%
OverkillHammerhead
11.8%
OverkillOld School
11.8%
Sacred ReichSurf Nicaragua
11.8%
Sacred ReichDeath Squad
11.8%
Sacred ReichIndependent
11.8%
Sacred ReichCrimes Against Humanity
11.8%
Sacred ReichAwakening
11.8%
SepulturaTroops Of Doom
11.8%
SodomOutbreak Of Evil
11.8%
Suicidal TendenciesPledge Your Allegiance
11.8%
SodomCity Of God
11.8%
SodomNapalm In The Morning
11.8%
SodomIron Fist
11.8%
Suicidal TendenciesI Saw Your Mommyi saw
11.8%
Suicidal TendenciesSend Me Your Money
11.8%
Suicidal TendenciesTrip At The Brain
11.8%
Suicidal TendenciesI Shot The Devil
11.8%
TankardZombie Attack
11.8%
TankardA Girl Called Cerveza
11.8%
TestamentDisciples Of The Watch
11.8%
TestamentThe Preacher
11.8%
TestamentThe Formation Of Damnation
11.8%
TestamentElectric Crown
11.8%
Dark AngelNever To Rise Again
5.9%
Death AngelEvil Priest
5.9%
Death AngelRelentless Revolution
5.9%
DestructionCurse The Gods
5.9%
DestructionLife Without Sense
5.9%
DestructionInvincible Force
5.9%
DestructionRelease From Agony
5.9%
ExodusIconoclasm
5.9%
Flotsam And JetsamShe Took An Axe
5.9%
Flotsam And JetsamLife Is A Mess
5.9%
KreatorFrom Flood Into Fire
5.9%
Nuclear AssaultSin
5.9%
Nuclear AssaultBetrayal
5.9%
OnslaughtThe Sound Of Violence
5.9%
OnslaughtFlame Of The Antichrist
5.9%
Onslaught66 **** 6
5.9%
OverkillIronbound
5.9%
OverkillElectric Rattlesnake
5.9%
Sacred ReichWho's To Blame
5.9%
Sacred ReichViolent Solutions
5.9%
SepulturaRatamahatta
5.9%
SepulturaKairos
5.9%
SepulturaChoke
5.9%
SepulturaConvicted In Life
5.9%
SepulturaAttitude
5.9%
SepulturaPropaganda
5.9%
SodomRemember The Fallen
5.9%
SodomSodomy And Lust
5.9%
SodomNuclear Winter
5.9%
Suicidal TendenciesSubliminal
5.9%
Suicidal TendenciesPossessed To Skate
5.9%
Suicidal TendenciesCyco Vision
5.9%
Suicidal TendenciesLovely
5.9%
Tankard(Empty) Tankard
5.9%
TankardThe Morning After
5.9%
TankardRules For Fools
5.9%
TankardAlien
5.9%
TankardThe Beauty And The Beast
5.9%
TankardRapid Fire (A Tyrant's Elegy)
5.9%
TankardR.I.B. (Rest In Beer)
5.9%
TestamentD.N.R. (Do Not Resuscitate)
5.9%
TestamentMore Than Meets The Eye
5.9%
TestamentBurnt Offerings
5.9%
Dark AngelPerish In Flames
0%
Dark AngelNo One Answers
0%
Dark AngelFalling From The Sky
0%
Death AngelClaws In So Deep
0%
Death AngelBuried Alive
0%
Death AngelTruce
0%
DestructionTotal Desaster
0%
DestructionEternal Ban
0%
DestructionArmageddonizer
0%
Flotsam And JetsamDesecrator
0%
Flotsam And JetsamHard On You
0%
Flotsam And JetsamMonkey Wrench
0%
Flotsam And JetsamSmoked Out
0%
Flotsam And JetsamSuffer The Masses
0%
KreatorBetrayer
0%
Nuclear AssaultRise From The Ashes
0%
OnslaughtDestroyer Of Worlds
0%
OnslaughtThermonuclear Devastation
0%
OnslaughtDemoniac
0%
OverkillNecroshine
0%
Sacred ReichAdministrative Decisions
0%
Sacred ReichDivide & Conquer
0%
SodomBlasphemer
0%
SodomAusgebombt
0%
SodomBombenhagel
0%
SodomThe Saw Is The Law
0%
SodomWachturm
0%
TankardRectifier
0%
TankardManiac Forces
0%
TankardStay Thirsty!
0%
TestamentRise Up
0%
Remove Ads.
Support Sporcle.
Get the best of Sporcle when you Go Orange. This ad-free experience offers more features, more stats, and more fun while also helping to support Sporcle. Thank you for becoming a member.

You're not logged in!

Compare scores with friends on all Sporcle quizzes.
OR
Log In

Sporcle TV

Today on Sporcle TV


Watch our educational content, quiz creation guides, and fun videos on Sporcle TV.

Show Comments

Extras

Top Quizzes Today


Score Distribution

Paid Content

Your Account Isn't Verified!

In order to create a playlist on Sporcle, you need to verify the email address you used during registration. Go to your Sporcle Settings to finish the process.

Report this User

Report this user for behavior that violates our Community Guidelines.

Details: